| 000 | 00321cam a22001217a 4500 | ||
|---|---|---|---|
| 008 | 180718b1982 xxu||||| |||| 00| 0 eng d | ||
| 082 | _aPx54 G665 | ||
| 100 | _aGore, M.S. | ||
| 245 |
_aEducation and modernization in India _cby M.S. Gore |
||
| 260 |
_aJaipur _bRawat _c1982 |
||
| 300 | _a190p. | ||
| 650 | _aEducation --India | ||
| 999 |
_c345841 _d345841 |
||